| 000 | 00000nam 2200000za 4500 |
| 001 | 9.806069 |
| 003 | CaOODSP |
| 005 | 20240228150754 |
| 007 | cr ||||||||||| |
| 008 | 160526s2015 quc o f000 0 fre d |
| 020 | |a9780660038261 |
| 040 | |aCaOODSP|bfre |
| 043 | |an-cn--- |
| 086 | 1 |aEm4-6/2015F-PDF |
| 245 | 00|aFélicitations à l'occasion de la naissance de votre enfant! |h[ressource électronique] : |bobtenez de l’argent dès maintenant pour les études de votre enfant. |
| 246 | 30|aObtenez de l’argent dès maintenant pour les études de votre enfant |
| 260 | |a[Gatineau, QC] : |bEmploi et développement social Canada, |cc2015. |
| 300 | |a[1] p. |
| 500 | |aPubl. aussi en anglais sous le titre : Congratulations on the birth of your child! Get money now for your child’s education. |
| 500 | |aTitre de départ. |
| 693 | 4|aÉpargne-études |
| 710 | 1 |aCanada. |bEmploi et développement social Canada. |
| 775 | 08|tCongratulations on the birth of your child! |w(CaOODSP)9.806068 |
| 794 | |tFélicitations à l'occasion de la naissance de votre enfant! |w(CaOODSP)9.855771 |
| 856 | 40|qPDF|s129 Ko|uhttps://publications.gc.ca/collections/collection_2016/edsc-esdc/Em4-6-2015-fra.pdf |
| 986 | |aLC-135-11-15F |